| 000 | 00906cam a2200301Ma 4500 | ||
|---|---|---|---|
| 001 | 76964 | ||
| 005 | 20230404125950.0 | ||
| 008 | 091216s2008 bl 000 0 por d | ||
| 035 | _a(OCoLC)ocn489194305 | ||
| 040 |
_aSBACH _cSBACH |
||
| 020 | _a9788576311393 | ||
| 020 | _a8576311399 | ||
| 035 | _a(OCoLC)489194305 | ||
| 050 | 1 | 4 |
_a103 F 2659 _bE59 2008 |
| 245 | 0 | 0 | _aEnsaios sobre a heranca cultural japonesa incorporada a sociedade brasileira. |
| 260 |
_aBrasilia, DF : _bFUNAG, _c2008. |
||
| 300 |
_a260 p. ; _c23 cm. |
||
| 650 | 0 |
_aJapanese _zBrazil _xHistory. |
|
| 650 | 0 |
_aAcculturation _zBrazil. |
|
| 651 | 0 |
_aJapan _xRelations _zBrazil. |
|
| 651 | 0 |
_aBrazil _xRelations _zJapan. |
|
| 651 | 0 |
_aJapan _xEmigration and immigration. |
|
| 651 | 0 |
_aBrazil _xEmigration and immigration. |
|
| 938 |
_aSusan Bach Books _bBACH _nSB-52374 |
||
| 942 |
_2lcc _cbk |
||
| 994 |
_aC0 _bDRFGD |
||
| 946 | _aJCM | ||
| 999 |
_c8250 _d8250 |
||